00594nam a22001577a 4500003000900000005001700009008004100026040001300067100003100080245009600111250000700207260002100214300002000235490000600255520017500261IT-RoPau20220918175938.0130116b xxu||||| |||| 00| 0 eng d cIT-RoPau aGiaccardo Timoteo Giuseppe aRegina degli Apostoli.bLe ragioni del titolo - I benefici del titolo - Il culto del titolo aII aRomabPSSPc1934 a394 p.c17,5 cm vI aIndice e Prospetto Avvertenza Ad Maiorem Dei Gloriam per Mariam Parte Prima Le ragioni del titolo Parte Seconda I benefici del titolo Parte Terza Il culto del titolo